Professor Evil and the Citadel of Time [trojrozmerný objekt] /
Salvato in:
| Autori principali: | , |
|---|---|
| Natura: | Libro |
| Lingua: | inglese |
| Pubblicazione: |
Paris :
Funforge,
2017
|
| Soggetti: | |
| Accesso online: | https://www.ihrysko.sk/professor-evil-and-the-citadel-of-time-p32611 |
| Tags: |
Nessun Tag, puoi essere il primo ad aggiungerne!!
|
MARC
| LEADER | 00000nam a22000003a 4500 | ||
|---|---|---|---|
| 001 | 0074546 | ||
| 003 | SK-STU | ||
| 005 | 20190712161502.9 | ||
| 007 | ta | ||
| 008 | 190712s ----xo-----e------000-0-----d | ||
| 040 | |a STU |b slo | ||
| 041 | 0 | |a eng | |
| 100 | 1 | |a Gilbert Brett, J. |4 aut | |
| 245 | 1 | 0 | |a Professor Evil and the Citadel of Time [trojrozmerný objekt] / |c aut. J Gilbert Brett, Dunstan Matthew |
| 260 | |a Paris : |b Funforge, |c 2017 | ||
| 650 | 0 | 7 | |a spoločenské hry |
| 700 | 1 | |a Dunstan Matthew |4 aut | |
| 856 | 4 | 0 | |u https://www.ihrysko.sk/professor-evil-and-the-citadel-of-time-p32611 |
| 996 | |b I24KN0000093 |c I*HRY020/19 |l II680 |s P |a 0 |w 0074546_0001 | ||